Kapitálové momentky z Londýna

Zasadanie Rady guvernérov Európskej banky pre obnovu a rozvoj (EBOR) v apríli 1995 v Londýne. Projekty EBOR najmä pre strednú a východnú Európu. Prezentácia slovenského finančného sektora a výrobno-obchodných podnikov. Dôležité predpoklady spolupráce - kontakty a informovanosť.

Na minha lista:
Detalhes bibliográficos
Autor principal: Herzogová, Emília
Formato: Capítulo de Livro
Idioma:eslovaco
Assuntos:
Tags: Adicionar Tag
Sem tags, seja o primeiro a adicionar uma tag!

MARC

LEADER 00000naa a2200000 4500
001 r016849
005 20221213095737.5
041 0 |a slo 
044 |a SK 
245 1 0 |a Kapitálové momentky z Londýna  |c Emília Herzogová 
520 |a Zasadanie Rady guvernérov Európskej banky pre obnovu a rozvoj (EBOR) v apríli 1995 v Londýne. Projekty EBOR najmä pre strednú a východnú Európu. Prezentácia slovenského finančného sektora a výrobno-obchodných podnikov. Dôležité predpoklady spolupráce - kontakty a informovanosť. 
610 2 0 |a Európska banka pre obnovu a rozvoj 
610 2 0 |a banky medzinárodné 
610 2 0 |a Londýn 
610 2 0 |a apríl 
610 2 0 |a 1995 
610 2 0 |a banky 
610 2 0 |a Slovensko 
100 1 |a Herzogová, Emília